The management of forests, (Record no. 11985)
[ view plain ]
| 000 -LEADER | |
|---|---|
| fixed length control field | 00365nam a22001451 4500 |
| 020 ## - INTERNATIONAL STANDARD BOOK NUMBER | |
| ISBN | 046340025 |
| 040 ## - CATALOGING SOURCE | |
| Transcribing agency | LONDON |
| 082 ## - DEWEY DECIMAL CLASSIFICATION NUMBER | |
| Classification number | 634 ALL 1968 A040 Or. |
| 100 1# - MAIN ENTRY--AUTHOR NAME | |
| Personal name | Osmaston, F. C. |
| 245 14 - TITLE STATEMENT | |
| Title | The management of forests, |
| 260 ## - PUBLICATION, DISTRIBUTION, ETC. (IMPRINT) | |
| Place of publication | London, |
| Name of publisher | Allen & Unwin |
| Year of publication | [1968] |
| 300 ## - PHYSICAL DESCRIPTION | |
| Number of Pages | 384 p. |
| Other physical details | illus., forms. |
| Dimensions | 23 cm. |
| 650 #0 - SUBJECT ADDED ENTRY--TOPICAL TERM | |
| Topical Term | Forest management. |
| 942 ## - ADDED ENTRY ELEMENTS (KOHA) | |
| Koha item type | សៀវភៅភាសាអង់គ្លេស |
| 952 ## - LOCATION AND ITEM INFORMATION (KOHA) | |
| Withdrawn status [LOCAL, KOHA] | 0 |
| Permanent Location | Date acquired | Koha item type | Lost status | Shelving location | Barcode | Current Location | Full call number |
|---|---|---|---|---|---|---|---|
| Library Block A | 2017-08-09 | សៀវភៅភាសាអង់គ្លេស | A040 | a11962 | Library Block A | 634 ALL 1968 A040 Or. |